La Bibbia Al Vaglio Della Storia

Gardado en:
Detalles Bibliográficos
Autor Principal: Giovanni Oinetto
Formato: Libro
Idioma:lingua descoñecida ou non válida
Publicado: De Vecchi Editore
Tags: Engadir etiqueta
Sen Etiquetas, Sexa o primeiro en etiquetar este rexistro!

MARC

LEADER 00000nam a2200000Ia 4500
001 R-955
003 CODICE-MESSINA
005 20260212102459.0
008 260211s9999 xx 000 0 und d
040 |c importazione_messina 
100 |a Giovanni Oinetto 
245 0 |a La Bibbia Al Vaglio Della Storia 
260 |b De Vecchi Editore 
942 |2 ddc  |c BK 
952 |0 0  |1 0  |2 ddc  |4 0  |6 SCAFFALE_1_000000000000000__RELIGIONE  |7 0  |9 31783  |a ME  |b ME  |d 2026-02-11  |l 0  |o SCAFFALE 1 - RELIGIONE  |p R-955  |r 2026-02-11 23:52:46  |w 2026-02-11  |x [REVISIONARE]  |y BK 
999 |c 27448  |d 27448